00416 a2200145 4500003000500000005001700005040000900022082001000031100003200041245011500073260003700188300001000225650001600235651001900251Nust20170207171856.0 cNust a005.1 aKazmi, Syeda Nazish BESE-18 aUpcycler A Sentiment Analysis Tool (Hard / Soft-copy)cSyeda Nazish Kazmi, Usama Mukhtar, Syed Mustufain Abbas aMCS, NUSTbRawalpindicJune 2016 a67 p  aUG Projects aUG CSE Project